| 000 | 00418nam a2200145Ia 4500 | ||
|---|---|---|---|
| 008 | 231217s9999 xx 000 0 und d | ||
| 020 | _aISBN 0-385-50445-4 | ||
| 041 | _aEnglish | ||
| 082 | _a658.8 SEW R | ||
| 100 | _aSewell, CarlBrown, Paul B | ||
| 245 | 0 | _aCustomers for life : how to turn that onetime buyer into a lifetime customer | |
| 260 |
_c2002 _bCurrency _aNew York |
||
| 300 | _axxv+210 | ||
| 942 | _cAA | ||
| 999 |
_c176753 _d176753 |
||